00355nam a2200157Ia 45000010006000000050017000060080041000230410008000640820016000721000037000882450019001252600009001443000028001536500008001816540008001891398120260306164841.0260306t2007||||xx |||||||||||||| ||spa|| aESP a005.74bR76 aRodríguez Penin, AquilinoeAUT 0aSistemas scada c2007 a448 páginas :c24 cm. aGEN aCCC